000 00599nam a2200181Ia 4500
008 100920s9999 xx 000 0 und d
082 _b60251
_a891.464 थ 94
100 _aखाडिलकर नीलकंठ.
245 _aशूरा मी वंदिले.
260 _bमनोरमा प्रकाशन, मुंबई 14.
_c1994
300 _a216
_bसाधी
365 _b100
520 _aनिबंध.
630 _aशूरा मी वंदिले.
650 _aनिबंध.
730 _aशूरा मी वंदिले.
942 _cBOOK
999 _c703545
_d703542